Top 15 Least Corrupt Countries in The Americas - Statistics

General Stats
  • This quiz has been taken 43 times
  • The average score is 13 of 15
Answer Stats
Score Answer % Correct
77 Canada
100%
67 United States
94%
70 Chile
92%
58 Costa Rica
92%
38 Argentina
89%
65 Bahamas
89%
46 Cuba
86%
73 Uruguay
86%
55 Dominica
81%
59 Saint Vincent and the Grenadines
78%
63 Barbados
75%
40 Brazil
75%
56 Saint Lucia
75%
52 Grenada
69%
36 Jamaica
69%
No matching quizzes found
Score Distribution
Percent of People with Each Score
Percentile by Number Answered
Your Score History
You have not taken this quiz